| 000 | 00484ntaaa2200193 4500 | ||
|---|---|---|---|
| 003 | 01 | ||
| 005 | 20251027201851.0 | ||
| 008 | 0714s1973 ag 01 | ||
| 020 | _a0805454454 | ||
| 040 |
_aAR-BaBN _bspa _cAR-BaBN _eaacr _dRIC |
||
| 082 | _a248.8400 Al5c | ||
| 100 |
_aAllen, William Loyd _917154 |
||
| 245 | _aCrossroads in christian growth | ||
| 250 | _a1 ed. | ||
| 260 |
_aNashville : _bBroadman, _cc1989 |
||
| 300 |
_a167 p. ; _c19,5 cm |
||
| 650 | _aVida cristiana | ||
| 942 | _cBK | ||
| 999 |
_c13364 _d13364 |
||